00601nam a22002417a 4500003000500000005001700005008004100022010001000063011001000073020001500083035001100098040000900109082002100118100002100139245005800160250001000218260003500228300001100263490002700274650001700301650001400318830002700332CHAP20220329143445.0091023s1976 es r 00010 spa d a96937 a97909 a8428000018 a108581 cCHAP04a335.4bL52y 197600aLefebvre, Henri.10aSintesis del pensamiento de Marxc/por Henri Lefebvre a2 ed. aBarcelona :bTerra Nova,c1976 a323 p. 0aNueva síntesisv; 1414aFilosofía.14aMarxismo. 0aNueva síntesisv; 14